Straty mocy i modele numeryczne pola magnetycznego w blachach elektrotechnicznych o budowie domenowej w warunkach odkształconego strumienia / (Rekord nr 51544)
| 000 -ETYKIETA REKORDU | |
|---|---|
| podpole kontrolne o stałej długości | 00995nam a2200241 i 4500 |
| 001 - NUMER KONTROLNY REKORDU | |
| pole kontrolne | bg |
| 040 ## - ŹRÓDŁO KATALOGOWANIA | |
| Instytucja, która utworzyła rekord | BPK |
| 041 0# - KOD JĘZYKA | |
| Kod języka tekstu | pol |
| Kod języka streszczenia lub abstraktu | eng |
| 080 ## - UNIWERSALNA KLASYFIKACJA DZIESIĘTNA - UKD | |
| UKD | 537.6:621.318 |
| 008 - POLE O STAŁEJ DŁUGOŚCI - DANE KONTROLNE | |
| podpole kontrolne o stałej długości | s pl f |000 0 pol |
| 100 1# - NAZWA OSOBOWA | |
| Nazwa osobowa | GMYREK, Zbigniew |
| 245 10 - TYTUŁ/ODPOWIEDZIALNOŚĆ | |
| Tytuł | Straty mocy i modele numeryczne pola magnetycznego w blachach elektrotechnicznych o budowie domenowej w warunkach odkształconego strumienia / |
| Pozostałe elementy strefy tytułu i oznaczenia odpowiedzialności | Zbigniew Gmyrek. |
| 260 ## - STREFA ADRESU WYDAWNICZEGO | |
| Miejsce wydania | Łódź : |
| Nazwa wydawcy/dystrybutora | Wydaw. PŁ, |
| Data publikacji, dystrybucji/powstania dokumentu | 2005. |
| 300 ## - STREFA OPISU FIZYCZNEGO | |
| Objętość | 184 s. : |
| Inne cechy fizyczne | wykr. ; |
| Rozmiary | 24 cm. |
| 490 1# - STREFA SERII I DOKUMENTU WIELOCZĘŚCIOWEGO - FORMA NIE DO WYSZUKIWANIA | |
| Tytuł i oznaczenie odpowiedzialności serii | Zeszyty Naukowe / Politechnika Łódzka. Rozprawy Naukowe, |
| ISSN | 0137-4834 ; |
| Numeracja w obrębie serii | z. 347 |
| 500 ## - UWAGI OGÓLNE | |
| Tekst uwagi | Numer serii gł.: 970. - Na s. red. odmienny tyt. serii : Zeszyty Naukowe Politechniki Łódzkiej. - Streszcz. ang. |
| 500 ## - UWAGI OGÓLNE | |
| Tekst uwagi | Zeszyty Naukowe Politechniki Łódzkiej. |
| 504 ## - UWAGA DOTYCZĄCA BIBLIOGRAFII | |
| Informacje o bibliografii | Bibliogr. s. 114-125. |
| 650 #9 - HASŁO PRZEDMIOTOWE W FORMIE NAZWY OGÓLNEJ LUB JEDNOSTKOWEJ | |
| Nazwa ogólna lub geograficzna | Ferromagnetyki |
| Określnik ogólny | badanie |
| 650 #9 - HASŁO PRZEDMIOTOWE W FORMIE NAZWY OGÓLNEJ LUB JEDNOSTKOWEJ | |
| Nazwa ogólna lub geograficzna | Pole magnetyczne |
| Określnik ogólny | badanie |
| 830 #0 - HASŁO DODATKOWE SERII LUB DOKUMENTU WIELOCZĘŚCIOWEGO - TYTUŁ UJEDNOLICONY | |
| Tytuł ujednolicony | Zeszyty Naukowe (Politechnika Łódzka). |
| Nazwa części/sekcji dzieła | Rozprawy Naukowe |
| 856 ## - LOKALIZACJA I DOSTĘP DO ELEKTRONICZNYCH DOKUMENTÓW ZDALNYCH | |
| Link (URL) | http://koha.tu.koszalin.pl/cgi-bin/koha/opac-detail.pl?biblionumber=51544 |
| Tekst linku | Katalog online BPK |
| 942 ## - DODATKOWE ELEMENTY (KOHA) | |
| Typ dokumentu | Książka |
| Wycofany | Status egzemplarza | Uszkodzony | Dostępność | Lokalizacja stała | Lokalizacja bieżąca | Miejsce przechowywania | Sygnatura | Kod kreskowy | Typ dokumentu |
|---|---|---|---|---|---|---|---|---|---|
| Dostępny | Biblioteka Politechniki Koszalińskiej | Biblioteka Politechniki Koszalińskiej | Wypożyczalnia BG | 78634 | 02300962 | Książka |
